[Event "37. Copenhagen Open (Politiken Cup)"]
[Site "Elsinore"]
[Date "2015.07.26"]
[Round "3"]
[White "Veng, Johny"]
[Black "Smirin, Ilia"]
[Result "0-1"]
[WhiteElo "2294"]
[BlackElo "2663"]
[PlyCount "100"]
[EventDate "2015.07.25"]
[EventType "swiss"]
[EventRounds "10"]
[EventCountry "DEN"]
[Source "ChessBase"]
[SourceDate "2015.09.14"]

1. d4 Nf6 2. Nf3 g6 3. c4 Bg7 4. g3 O-O 5. Bg2 d6 6. O-O Nc6 7. d5 Na5 8. Qa4
c5 9. Bd2 b6 10. Bc3 e6 11. dxe6 fxe6 12. Nbd2 Rb8 13. Rad1 Qc7 14. Ng5 e5 15.
Nde4 Ne8 16. Bxa5 bxa5 17. Qc2 Bf5 18. h3 Qe7 19. g4 Qxg5 20. gxf5 Qxf5 21. Rd3
Kh8 22. b3 Rb6 23. Qd2 a4 24. Qa5 Qf7 25. Qxa4 Qe7 26. Rfd1 Nf6 27. Rf3 Rfb8
28. Nxf6 Bxf6 29. Qa5 Rf8 30. Qd2 Rbb8 31. Qd5 Rbd8 32. Qe4 Bh4 33. Rdd3 Bf6
34. Rd1 Kg7 35. Rdd3 Qc7 36. Rd2 Bg5 37. Rxf8 Rxf8 38. e3 Qa5 39. Qb7+ Kh6 40.
Qd5 Bh4 41. Re2 Qd8 42. Qe4 Qf6 43. Qc2 Kg7 44. Qb2 h5 45. Qd2 g5 46. Be4 Qe6
47. Qd5 Qxh3 48. f3 g4 49. Qe6 Qg3+ 50. Kh1 gxf3 0-1

[Event "37. Copenhagen Open (Politiken Cup)"]
[Site "Elsinore"]
[Date "2015.07.26"]
[Round "3"]
[White "Vestjord, Harald Christian"]
[Black "Fjellengen, Bard"]
[Result "0-1"]
[WhiteElo "1473"]
[BlackElo "1749"]
[PlyCount "82"]
[EventDate "2015.07.25"]
[EventType "swiss"]
[EventRounds "10"]
[EventCountry "DEN"]
[Source "ChessBase"]
[SourceDate "2015.09.14"]

1. d4 Nf6 2. c4 e6 3. Nc3 d5 4. Nf3 Be7 5. e3 O-O 6. Qc2 b6 7. cxd5 exd5 8. Ne5
c5 9. Be2 Bb7 10. O-O cxd4 11. exd4 Nbd7 12. f4 Rc8 13. Qb3 Nxe5 14. fxe5 Ne4
15. Nxe4 dxe4 16. Be3 Bd5 17. Qd1 Bg5 18. Qd2 Bxe3+ 19. Qxe3 f5 20. a3 g5 21.
g3 Rc7 22. Rac1 Rg7 23. Kh1 f4 24. Qg1 f3 25. Bc4 Bxc4 26. Rxc4 Qd5 27. Rc3 h6
28. Qe3 Rd8 29. Rd1 Rf7 30. Rc2 Qxe5 31. Kg1 Qd5 32. Kf2 Kg7 33. Qc3 Re7 34.
Qe3 Qf5 35. Kf1 Rc8 36. Rdc1 Rxc2 37. Rxc2 Qd5 38. Kf2 Rd7 39. Rd2 Rc7 40. Qe1
Rc4 41. Ke3 g4 0-1

[Event "37. Copenhagen Open (Politiken Cup)"]
[Site "Elsinore"]
[Date "2015.07.26"]
[Round "3"]
[White "Videbaek, Kurt"]
[Black "Molvig, Julius"]
[Result "0-1"]
[WhiteElo "1563"]
[BlackElo "1926"]
[PlyCount "40"]
[EventDate "2015.07.25"]
[EventType "swiss"]
[EventRounds "10"]
[EventCountry "DEN"]
[Source "ChessBase"]
[SourceDate "2015.09.14"]

1. d4 Nf6 2. c4 g6 3. Nf3 Bg7 4. Bf4 d6 5. e3 O-O 6. Nc3 c5 7. dxc5 dxc5 8.
Qxd8 Rxd8 9. Be2 Nc6 10. a3 Nh5 11. Rc1 Nxf4 12. exf4 Nd4 13. O-O Nxe2+ 14.
Nxe2 Bxb2 15. Rcd1 Be6 16. Rb1 Bxa3 17. Rxb7 Bxc4 18. Rxe7 Re8 19. Rxe8+ Rxe8
20. Ra1 Bb2 0-1

[Event "37. Copenhagen Open (Politiken Cup)"]
[Site "Elsinore"]
[Date "2015.07.26"]
[Round "3"]
[White "Wadstensvik, Petter Andreas"]
[Black "Jarlnaes, Erik"]
[Result "0-1"]
[WhiteElo "1658"]
[BlackElo "1892"]
[PlyCount "86"]
[EventDate "2015.07.25"]
[EventType "swiss"]
[EventRounds "10"]
[EventCountry "DEN"]
[Source "ChessBase"]
[SourceDate "2015.09.14"]

1. e4 e6 2. Nf3 d5 3. exd5 exd5 4. d4 Bd6 5. c4 c6 6. cxd5 cxd5 7. Nc3 Ne7 8.
Bd3 Bg4 9. O-O Nbc6 10. Be3 Qd7 11. a3 Rc8 12. Nb5 a6 13. Nxd6+ Qxd6 14. Re1 h6
15. h3 Bh5 16. Bd2 O-O 17. Rc1 Qf6 18. g4 Bg6 19. Bxg6 fxg6 20. Re3 g5 21. Qe2
Ng6 22. Rd3 Rce8 23. Qd1 Re4 24. Qb3 Nf4 25. Bxf4 Qxf4 26. Qxd5+ Kh8 27. Rcd1
Ne7 28. Qd7 Ng6 29. R1d2 Nh4 30. Nxh4 Re1+ 31. Kg2 gxh4 32. Qxb7 h5 33. Rf3 Qd6
34. Rxf8+ Qxf8 35. Qxa6 hxg4 36. Qd3 Qf4 37. Re2 gxh3+ 38. Kxh3 Rh1+ 39. Kg2
Qh2+ 40. Kf3 Qh3+ 41. Ke4 Qe6+ 42. Kf3 Rh3+ 43. Kf4 Qd6+ 0-1

[Event "37. Copenhagen Open (Politiken Cup)"]
[Site "Elsinore"]
[Date "2015.07.26"]
[Round "3"]
[White "Walton, Alan J"]
[Black "Tan, Justin2"]
[Result "0-1"]
[WhiteElo "2173"]
[BlackElo "2417"]
[PlyCount "38"]
[EventDate "2015.07.25"]
[EventType "swiss"]
[EventRounds "10"]
[EventCountry "DEN"]
[Source "ChessBase"]
[SourceDate "2015.09.14"]

1. d4 d5 2. c4 c6 3. Nf3 Nf6 4. Nc3 e6 5. Bg5 h6 6. Bh4 dxc4 7. a4 Bb4 8. e3 b5
9. Ne5 Qa5 10. axb5 Bxc3+ 11. Ke2 Qb4 12. bxc3 Qb2+ 13. Kf3 cxb5 14. Rb1 Bb7+
15. Kg3 Ne4+ 16. Kh3 Qxf2 17. Bxf2 Nxf2+ 18. Kg3 Nxd1 19. Rxb5 Bd5 0-1

[Event "37. Copenhagen Open (Politiken Cup)"]
[Site "Elsinore"]
[Date "2015.07.26"]
[Round "3"]
[White "Weishaeutel, Moritz"]
[Black "Merkesvik, Sondre"]
[Result "1/2-1/2"]
[WhiteElo "1926"]
[BlackElo "2130"]
[PlyCount "85"]
[EventDate "2015.07.25"]
[EventType "swiss"]
[EventRounds "10"]
[EventCountry "DEN"]
[Source "ChessBase"]
[SourceDate "2015.09.14"]

1. e4 Nf6 2. e5 Nd5 3. d4 d6 4. c4 Nb6 5. exd6 exd6 6. Nc3 Nc6 7. h3 Bf5 8. Be3
Be7 9. Nf3 O-O 10. Rc1 Bf6 11. d5 Ne5 12. Nd4 Bg6 13. b3 a5 14. Be2 h6 15. O-O
Re8 16. Qd2 Ned7 17. f4 Nc5 18. f5 Bh7 19. Rf3 Ne4 20. Nxe4 Rxe4 21. Rg3 Be5
22. Rg4 Rxg4 23. hxg4 Nd7 24. Rf1 Nc5 25. Bf4 Qf6 26. Bxe5 Qxe5 27. Qf4 Qf6 28.
Nb5 Re8 29. Bd1 Re7 30. Qd2 b6 31. Re1 g6 32. Rxe7 Qxe7 33. Bc2 h5 34. gxh5
gxf5 35. Nd4 Qh4 36. Bxf5 Bxf5 37. Nxf5 Qxh5 38. Qf4 Kf8 39. Nxd6 Qd1+ 40. Kh2
Qh5+ 41. Kg1 Qd1+ 42. Kh2 Qh5+ 43. Kg1 1/2-1/2

[Event "37. Copenhagen Open (Politiken Cup)"]
[Site "Elsinore"]
[Date "2015.07.26"]
[Round "3"]
[White "Westerlund, Ola"]
[Black "Brondum, Eric"]
[Result "1/2-1/2"]
[WhiteElo "1869"]
[BlackElo "2114"]
[PlyCount "49"]
[EventDate "2015.07.25"]
[EventType "swiss"]
[EventRounds "10"]
[EventCountry "DEN"]
[Source "ChessBase"]
[SourceDate "2015.09.14"]

1. d4 Nf6 2. c4 e5 3. dxe5 Ne4 4. a3 b6 5. Nd2 Bb7 6. Qc2 Nc5 7. Ngf3 a5 8. b3
Nc6 9. Bb2 Be7 10. e3 O-O 11. Be2 f6 12. O-O f5 13. Nd4 g6 14. Nxc6 Bxc6 15.
Bf3 f4 16. Rae1 fxe3 17. Rxe3 Bg5 18. Re2 Bxf3 19. Nxf3 Rxf3 20. gxf3 Bf4 21.
Bc1 Ne6 22. Bxf4 Nxf4 23. Kh1 Nxe2 24. Qxe2 Qe7 25. a4 1/2-1/2

[Event "37. Copenhagen Open (Politiken Cup)"]
[Site "Elsinore"]
[Date "2015.07.26"]
[Round "3"]
[White "Wiberg, Jonas"]
[Black "Skjolingstad, Sverre"]
[Result "0-1"]
[WhiteElo "1805"]
[BlackElo "1519"]
[PlyCount "78"]
[EventDate "2015.07.25"]
[EventType "swiss"]
[EventRounds "10"]
[EventCountry "DEN"]
[Source "ChessBase"]
[SourceDate "2015.09.14"]

1. d4 Nf6 2. Nf3 g6 3. Bg5 Bg7 4. Nbd2 O-O 5. c3 d5 6. e3 Bf5 7. Be2 c6 8. Ne5
Nbd7 9. Nd3 Rc8 10. O-O c5 11. Nxc5 Nxc5 12. dxc5 Rxc5 13. Nb3 Rc7 14. Bf4 Rc8
15. Be5 a6 16. Nd4 Bd7 17. Qb3 Bc6 18. Nxc6 Rxc6 19. Rfd1 Rb6 20. Qa3 e6 21.
Bd4 Rc6 22. Qb3 Qc7 23. g3 e5 24. Bxe5 Qxe5 25. Qxb7 Qc7 26. Qxc7 Rxc7 27. Rab1
a5 28. Rd4 Rb8 29. Ra4 Rxc3 30. Rxa5 Rc2 31. Bf3 Rcxb2 32. Rxb2 Rxb2 33. a4 Ra2
34. Ra8+ Bf8 35. Kg2 Ne4 36. Bxe4 dxe4 37. a5 Kg7 38. a6 Bc5 39. Rc8 Bxe3 0-1

[Event "37. Copenhagen Open (Politiken Cup)"]
[Site "Elsinore"]
[Date "2015.07.26"]
[Round "3"]
[White "Winfridsson, Hakan"]
[Black "Hansen, Ib Lynaes"]
[Result "1-0"]
[WhiteElo "2038"]
[BlackElo "1819"]
[PlyCount "127"]
[EventDate "2015.07.25"]
[EventType "swiss"]
[EventRounds "10"]
[EventCountry "DEN"]
[Source "ChessBase"]
[SourceDate "2015.09.14"]

1. e4 e5 2. f4 exf4 3. Nf3 d6 4. Bc4 Be6 5. Bxe6 fxe6 6. d4 Nf6 7. Nc3 e5 8.
dxe5 Ng4 9. Bxf4 Nc6 10. Bg5 Be7 11. Bxe7 Nxe7 12. h3 Nxe5 13. Nxe5 dxe5 14.
O-O Qd4+ 15. Qxd4 exd4 16. Nb5 O-O-O 17. Rad1 Nc6 18. Rf7 Rd7 19. Rxd7 Kxd7 20.
Nxd4 Nxd4 21. Rxd4+ Ke6 22. Kf2 Rf8+ 23. Ke2 c5 24. Rd5 b6 25. a4 Rf4 26. Ke3
Rf1 27. Rd8 Rg1 28. Rd2 Ra1 29. b3 c4 30. Kd4 cxb3 31. cxb3 Rc1 32. Rf2 Rc7 33.
Rf5 g6 34. Re5+ Kf6 35. g4 Rc1 36. g5+ Kf7 37. a5 Rd1+ 38. Kc4 Rh1 39. axb6
axb6 40. Rb5 Rxh3 41. Rxb6 h5 42. Kd5 Rd3+ 43. Ke5 h4 44. Rb7+ Kg8 45. Kf6 Rd6+
46. Ke7 Rd3 47. e5 h3 48. Kf6 Rf3+ 49. Kxg6 h2 50. Rg7+ Kf8 51. Rh7 Rxb3 52.
Rxh2 Rf3 53. Ra2 Ke7 54. Ra7+ Ke6 55. Kg7 Rg3 56. g6 Kxe5 57. Kf7 Rf3+ 58. Kg8
Ke6 59. Rf7 Rg3 60. g7 Ra3 61. Rf1 Ra2 62. Rh1 Ra8+ 63. Kh7 Ra7 64. Kh8 1-0

[Event "37. Copenhagen Open (Politiken Cup)"]
[Site "Elsinore"]
[Date "2015.07.27"]
[Round "4"]
[White "Adan Bermudez, Sergio"]
[Black "Marin, Mihail"]
[Result "1/2-1/2"]
[WhiteElo "2402"]
[BlackElo "2579"]
[PlyCount "120"]
[EventDate "2015.07.25"]
[EventType "swiss"]
[EventRounds "10"]
[EventCountry "DEN"]
[Source "ChessBase"]
[SourceDate "2015.09.14"]

1. c4 e6 2. Nf3 Nf6 3. g3 b6 4. Bg2 Bb7 5. O-O c5 6. Nc3 a6 7. d4 cxd4 8. Qxd4
d6 9. Rd1 Nbd7 10. Ng5 Bxg2 11. Kxg2 Rc8 12. Nge4 Rc6 13. Nxf6+ Nxf6 14. Bg5
Be7 15. Ne4 O-O 16. Nxf6+ Bxf6 17. Bxf6 Qxf6 18. Qxf6 gxf6 19. Rd4 Rfc8 20.
Rad1 Rxc4 21. Rxc4 Rxc4 22. Rxd6 Rb4 23. b3 a5 24. e3 Kg7 25. Rd4 Rb5 26. Kf3
f5 27. Ke2 e5 28. Rc4 Rd5 29. Rc6 b5 30. a3 e4 31. Rb6 Kf8 32. h4 Kg7 33. a4
bxa4 34. bxa4 Kf8 35. Rc6 Kg7 36. Rb6 Kf8 37. Rc6 Kg7 38. Ke1 h5 39. Rb6 Rc5
40. Rb5 Rc4 41. Rxf5 Rxa4 42. Rxh5 Ra1+ 43. Ke2 Kf6 44. g4 a4 45. Rf5+ Kg7 46.
Kd2 Rg1 47. Rg5+ Kh6 48. Kc3 Rg2 49. Kd4 Rxf2 50. Kxe4 Rh2 51. Rh5+ Kg7 52. Kf3
Rh3+ 53. Kf4 a3 54. Rg5+ Kh6 55. Ra5 Rxh4 56. Rxa3 Kg7 57. e4 Rh1 58. e5 Rf1+
59. Kg5 Re1 60. Ra5 Rxe5+ 1/2-1/2

[Event "37. Copenhagen Open (Politiken Cup)"]
[Site "Elsinore"]
[Date "2015.07.27"]
[Round "4"]
[White "Andersen, Claus"]
[Black "Schmied, Andreas"]
[Result "1/2-1/2"]
[WhiteElo "1773"]
[BlackElo "2047"]
[PlyCount "49"]
[EventDate "2015.07.25"]
[EventType "swiss"]
[EventRounds "10"]
[EventCountry "DEN"]
[Source "ChessBase"]
[SourceDate "2015.09.14"]

1. d4 Nf6 2. c4 c5 3. Nf3 cxd4 4. Nxd4 e5 5. Nb5 d5 6. cxd5 Bc5 7. e3 O-O 8.
Be2 a6 9. N5c3 e4 10. Qc2 Qe7 11. Nd2 Re8 12. O-O Bf5 13. Nb3 Bd6 14. Nd4 Bg6
15. Qb3 Qc7 16. h3 Nbd7 17. Qc4 Qd8 18. b4 Qe7 19. Bd2 Rac8 20. Qb3 Bxb4 21.
Nxe4 Nxd5 22. Qxd5 Bxe4 23. Bxb4 Bxd5 24. Bxe7 Rxe7 25. Rac1 1/2-1/2

[Event "37. Copenhagen Open (Politiken Cup)"]
[Site "Elsinore"]
[Date "2015.07.27"]
[Round "4"]
[White "Andersen, Dag"]
[Black "Pantzar, Milton"]
[Result "0-1"]
[WhiteElo "1840"]
[BlackElo "2098"]
[PlyCount "120"]
[EventDate "2015.07.25"]
[EventType "swiss"]
[EventRounds "10"]
[EventCountry "DEN"]
[Source "ChessBase"]
[SourceDate "2015.09.14"]

1. d4 Nf6 2. c4 c5 3. d5 b5 4. cxb5 a6 5. bxa6 g6 6. Nc3 Bxa6 7. g3 d6 8. Bg2
Bg7 9. Nf3 O-O 10. O-O Nbd7 11. Re1 Qa5 12. h3 Nb6 13. e4 Nfd7 14. Qc2 Nc4 15.
Bd2 Rfb8 16. Rab1 Nxd2 17. Nxd2 Ne5 18. Nb3 Bd3 19. Qd1 Qb4 20. Rc1 Bc4 21. Bf1
Bxb3 22. axb3 Qxb3 23. Kg2 Qxd1 24. Nxd1 Rb3 25. Rc3 Rb4 26. f4 Nd7 27. Rc2 Ra1
28. Rce2 Bd4 29. h4 h5 30. Kh3 Nb6 31. Bg2 Nc4 32. Rf1 Rb3 33. Kh2 Rb1 34. Kh3
Kg7 35. Kh2 Kf8 36. Kh3 Ke8 37. Nc3 R1xb2 38. Rxb2 Rxb2 39. Nd1 Rb1 40. Ne3
Rxf1 41. Nxf1 Be3 42. Bf3 Bc1 43. Kg2 e6 44. dxe6 fxe6 45. Kf2 Kd7 46. Ke2 Nb2
47. Nd2 Bxd2 48. Kxd2 Nc4+ 49. Kd3 Nb6 50. f5 exf5 51. exf5 gxf5 52. Bxh5 Ke7
53. Bg6 Kf6 54. Be8 Nd5 55. Ba4 Ke7 56. Bd1 Kf6 57. Bf3 Ke5 58. Bd1 Nf6 59. h5
Ne4 60. h6 Kf6 0-1

[Event "37. Copenhagen Open (Politiken Cup)"]
[Site "Elsinore"]
[Date "2015.07.27"]
[Round "4"]
[White "Andersen, Johnny"]
[Black "Salerno, Christian"]
[Result "0-1"]
[WhiteElo "1795"]
[BlackElo "2129"]
[PlyCount "46"]
[EventDate "2015.07.25"]
[EventType "swiss"]
[EventRounds "10"]
[EventCountry "DEN"]
[Source "ChessBase"]
[SourceDate "2015.09.14"]

1. e4 e6 2. d4 d5 3. e5 c5 4. c3 Nc6 5. Nf3 Qb6 6. a3 Nh6 7. Bd3 Bd7 8. O-O
cxd4 9. cxd4 Nxd4 10. Nxd4 Qxd4 11. Re1 Ng4 12. Qe2 Bc5 13. Be3 Nxe3 14. fxe3
Qxe5 15. Nc3 O-O 16. Kh1 f5 17. Rac1 Bd6 18. g3 a6 19. b4 Rf6 20. Qf2 Rc8 21.
Ne2 Rxc1 22. Rxc1 Qb2 23. Qe1 Qxa3 0-1

[Event "37. Copenhagen Open (Politiken Cup)"]
[Site "Elsinore"]
[Date "2015.07.27"]
[Round "4"]
[White "Andersen, Torben Bodskov"]
[Black "Kristiansen, Jens"]
[Result "0-1"]
[WhiteElo "2106"]
[BlackElo "2423"]
[PlyCount "62"]
[EventDate "2015.07.25"]
[EventType "swiss"]
[EventRounds "10"]
[EventCountry "DEN"]
[Source "ChessBase"]
[SourceDate "2015.09.14"]

1. e4 c5 2. Nc3 Nc6 3. f4 g6 4. Nf3 Bg7 5. g3 d6 6. Bg2 e6 7. O-O Nge7 8. d3
O-O 9. Ne2 b6 10. c3 Ba6 11. g4 Qd7 12. Ng3 f5 13. exf5 exf5 14. gxf5 Nxf5 15.
Nxf5 gxf5 16. Ng5 d5 17. c4 dxc4 18. dxc4 Bd4+ 19. Kh1 Bxc4 20. Re1 Rae8 21.
Be3 Bd5 22. Bxd4 Rxe1+ 23. Qxe1 Nxd4 24. Qg3 Kh8 25. Re1 Bxg2+ 26. Kxg2 h6 27.
Qh4 Kg7 28. Nf3 Qc6 29. Qe7+ Kg8 30. Re3 Nxf3 31. Rxf3 Re8 0-1

[Event "37. Copenhagen Open (Politiken Cup)"]
[Site "Elsinore"]
[Date "2015.07.27"]
[Round "4"]
[White "Bengtsson, Tage"]
[Black "Westerlund, Ola"]
[Result "1-0"]
[WhiteElo "2076"]
[BlackElo "1869"]
[PlyCount "68"]
[EventDate "2015.07.25"]
[EventType "swiss"]
[EventRounds "10"]
[EventCountry "DEN"]
[Source "ChessBase"]
[SourceDate "2015.09.14"]

1. d4 d6 2. c4 g6 3. Nc3 Bg7 4. e4 Nf6 5. Be2 O-O 6. Bg5 h6 7. Be3 c5 8. d5 e6
9. h3 exd5 10. exd5 Re8 11. Qd2 Kh7 12. Bd3 Nbd7 13. Nf3 Ne5 14. Nxe5 Rxe5 15.
O-O Ne8 16. Bf4 Re7 17. Rfe1 Rxe1+ 18. Rxe1 Bd7 19. Ne4 Bf5 20. b4 Bxe4 21.
Bxe4 cxb4 22. Qxb4 Qb6 23. Qxb6 axb6 24. Bd3 Bd4 25. a4 Kg7 26. Re7 g5 27. Be3
Bc5 28. Bxc5 bxc5 29. Bc2 Rb8 30. Rd7 b6 31. Bd1 Kg6 32. Kf1 Kf6 33. Bh5 Ke5
34. Rxf7 Ra8 1-0

[Event "37. Copenhagen Open (Politiken Cup)"]
[Site "Elsinore"]
[Date "2015.07.27"]
[Round "4"]
[White "Berg Olsen, Sebastian N"]
[Black "Zyde, Fadmal"]
[Result "1/2-1/2"]
[WhiteElo "1302"]
[BlackElo "1667"]
[PlyCount "44"]
[EventDate "2015.07.25"]
[EventType "swiss"]
[EventRounds "10"]
[EventCountry "DEN"]
[Source "ChessBase"]
[SourceDate "2015.09.14"]

1. e4 e5 2. Nf3 d6 3. h3 Nc6 4. d4 exd4 5. Nxd4 Nxd4 6. Qxd4 Nf6 7. Nc3 Be7 8.
Bc4 O-O 9. O-O c6 10. Bg5 b5 11. Be2 c5 12. Qd1 Bb7 13. Bxb5 Nxe4 14. Bxe7 Qxe7
15. Re1 Qh4 16. Nxe4 Bxe4 17. g3 Qe7 18. Bc6 d5 19. Bxa8 Rxa8 20. f3 Qg5 21.
fxe4 Qxg3+ 22. Kf1 Qxh3+ 1/2-1/2

[Event "37. Copenhagen Open (Politiken Cup)"]
[Site "Elsinore"]
[Date "2015.07.27"]
[Round "4"]
[White "Bernhardsson, Sten"]
[Black "Rose, Dennis Lauge"]
[Result "1-0"]
[WhiteElo "2003"]
[BlackElo "1797"]
[PlyCount "159"]
[EventDate "2015.07.25"]
[EventType "swiss"]
[EventRounds "10"]
[EventCountry "DEN"]
[Source "ChessBase"]
[SourceDate "2015.09.14"]

1. d4 e6 2. Nf3 Nf6 3. Bg5 Be7 4. e3 b6 5. Bd3 Bb7 6. O-O h6 7. Bh4 g5 8. Bg3
g4 9. Nfd2 h5 10. Bh4 Nd5 11. Bxe7 Qxe7 12. c4 Nb4 13. Be4 d5 14. cxd5 Nxd5 15.
Nc3 Qg5 16. Bxd5 exd5 17. e4 Nd7 18. Rc1 a6 19. Nxd5 Kd8 20. Qc2 Rc8 21. Qd3 h4
22. Qe3 Qh5 23. Nf4 Qh7 24. Rc3 Re8 25. e5 Qg7 26. Re1 a5 27. e6 Nf6 28. e7+
Kd7 29. Nc4 Nd5 30. Nxd5 Bxd5 31. Ne5+ Kxe7 32. Qf4 Kd8 33. Rce3 Rg8 34. g3 f6
35. Nxg4 hxg3 36. fxg3 Rf8 37. Qf5 Bc6 38. Nf2 Bd7 39. Qd5 Qg5 40. Qxg5 fxg5
41. Re5 Rg8 42. Ne4 g4 43. Nf6 Rf8 44. Rg5 c5 45. Nxd7 Kxd7 46. dxc5 Rxc5 47.
Rxc5 bxc5 48. Re4 Rg8 49. Ra4 Kc6 50. Rxa5 Kb6 51. Ra4 Rd8 52. Rf4 Kb5 53. Kg2
Rd2+ 54. Rf2 Rd4 55. h3 gxh3+ 56. Kxh3 Kc4 57. g4 Kd5 58. g5 Ke6 59. g6 Ke7 60.
g7 Rd8 61. Rf8 Rxf8 62. gxf8=Q+ Kxf8 63. Kg4 Ke7 64. Kf4 Kd6 65. Ke4 Ke6 66.
Kd3 Kd5 67. Kc3 Kd6 68. Kc4 Kc6 69. b3 Kb6 70. a4 Kc6 71. a5 Kd6 72. Kb5 Kc7
73. Kxc5 Kb7 74. b4 Ka7 75. Kc6 Kb8 76. b5 Ka7 77. Kc7 Ka8 78. a6 Ka7 79. b6+
Ka8 80. b7+ 1-0

[Event "37. Copenhagen Open (Politiken Cup)"]
[Site "Elsinore"]
[Date "2015.07.27"]
[Round "4"]
[White "Berntsen Oybo, August"]
[Black "Mehringer, Joerg"]
[Result "1-0"]
[WhiteElo "1777"]
[BlackElo "1991"]
[PlyCount "75"]
[EventDate "2015.07.25"]
[EventType "swiss"]
[EventRounds "10"]
[EventCountry "DEN"]
[Source "ChessBase"]
[SourceDate "2015.09.14"]

1. d4 Nf6 2. c4 e6 3. Nc3 Bb4 4. Bg5 h6 5. Bh4 c6 6. e3 Qa5 7. Qc2 Ne4 8. Rc1
Nxc3 9. bxc3 Ba3 10. Rb1 O-O 11. Bd3 d5 12. Nf3 dxc4 13. Bxc4 Bd6 14. O-O b5
15. Bd3 Qc7 16. c4 a6 17. c5 Be7 18. Bg3 Qd8 19. Ne5 Bf6 20. f4 Bb7 21. Rf3 Nd7
22. Rbf1 Qe7 23. Be1 Bxe5 24. fxe5 f6 25. exf6 Nxf6 26. Bg3 Rad8 27. Bd6 Rxd6
28. cxd6 Qxd6 29. Qc5 Qc7 30. e4 Re8 31. e5 Nd7 32. Qc2 Qb6 33. Bh7+ Kh8 34.
Kh1 c5 35. Rf7 Qd8 36. Qg6 Qg5 37. Qxg5 hxg5 38. Rxd7 1-0

[Event "37. Copenhagen Open (Politiken Cup)"]
[Site "Elsinore"]
[Date "2015.07.27"]
[Round "4"]
[White "Bijlsma, Nick"]
[Black "Astrom, Lars"]
[Result "1/2-1/2"]
[WhiteElo "2298"]
[BlackElo "2097"]
[PlyCount "118"]
[EventDate "2015.07.25"]
[EventType "swiss"]
[EventRounds "10"]
[EventCountry "DEN"]
[Source "ChessBase"]
[SourceDate "2015.09.14"]

1. e4 c5 2. Nf3 Nc6 3. Nc3 g6 4. d4 cxd4 5. Nxd4 Bg7 6. Nb3 Nf6 7. Be2 O-O 8.
O-O a6 9. Re1 b5 10. Bf1 d6 11. Bg5 Bb7 12. Nd5 Nd7 13. c3 Re8 14. Qd2 Nb6 15.
Rad1 Ne5 16. Qc1 Rc8 17. a3 Nec4 18. g3 Na4 19. Re2 Ncxb2 20. Rxb2 Bxd5 21.
exd5 Rxc3 22. Rc2 Rxb3 23. Rd3 Rxd3 24. Bxd3 Nc5 25. Bf1 Qa5 26. Be3 h5 27.
Bxc5 dxc5 28. Rxc5 Be5 29. Bd3 Bd6 30. Rc3 Kg7 31. Rb3 Qa4 32. Qc3+ Kg8 33. Bc2
Qc4 34. Qxc4 bxc4 35. Rc3 Rc8 36. Bd3 Bxa3 37. Rxc4 Rxc4 38. Bxc4 a5 39. h3 Kg7
40. Kg2 Kf6 41. f4 g5 42. Kf3 Bd6 43. Bb3 h4 44. fxg5+ Kxg5 45. g4 Kf6 46. Ke4
Bc5 47. Kf4 Bb4 48. g5+ Kg6 49. Bc2+ Kg7 50. Kf5 Bd2 51. Bb3 Be1 52. Bc2 Bg3
53. Bb3 Kf8 54. Ba4 Bf2 55. Bb5 Kg7 56. Bd7 Bc5 57. Be8 Bb4 58. Bd7 f6 59. g6
Bd6 1/2-1/2

[Event "37. Copenhagen Open (Politiken Cup)"]
[Site "Elsinore"]
[Date "2015.07.27"]
[Round "4"]
[White "Bjerre, Jonas Buhl"]
[Black "Carlstedt, Jonathan"]
[Result "0-1"]
[WhiteElo "2083"]
[BlackElo "2460"]
[PlyCount "132"]
[EventDate "2015.07.25"]
[EventType "swiss"]
[EventRounds "10"]
[EventCountry "DEN"]
[Source "ChessBase"]
[SourceDate "2015.09.14"]

1. e4 e5 2. Nf3 Nc6 3. Bc4 Bc5 4. d3 Nf6 5. c3 a6 6. Bb3 d6 7. Nbd2 Ba7 8. Nf1
h6 9. Ng3 Qe7 10. O-O g5 11. Be3 Bd7 12. Bxa7 Nxa7 13. d4 O-O-O 14. Qe2 Rde8
15. dxe5 dxe5 16. Rfe1 Nb5 17. c4 Nd4 18. Nxd4 exd4 19. c5 Qxc5 20. Bxf7 Re7
21. Rac1 Qb6 22. Bg6 Ng4 23. Nf5 Re5 24. Qxg4 Qxg6 25. Qg3 Rhe8 26. Nxd4 Qb6
27. Qc3 Rxe4 28. Rxe4 Rxe4 29. Nf3 Kb8 30. Re1 Rxe1+ 31. Nxe1 Qe6 32. a3 Qe2
33. h3 b6 34. Nf3 Kb7 35. Qd4 Be6 36. Qe5 Qd1+ 37. Kh2 Qd5 38. Qxd5+ Bxd5 39.
Ne5 c5 40. Ng4 b5 41. Ne3 Be6 42. Kg3 Kb6 43. b4 a5 44. bxa5+ Kxa5 45. Nd1 Bb3
46. Nc3 b4 47. axb4+ Kxb4 48. Ne4 c4 49. f4 Bc2 50. Nd2 c3 51. Nf1 Be4 52. Ne3
gxf4+ 53. Kxf4 Bxg2 54. Kg3 Be4 55. Kf2 c2 56. Nxc2+ Bxc2 57. Kg3 Kc5 58. Kh4
Bd1 59. Kg3 Kd4 60. Kf4 h5 61. Kg3 Ke5 62. Kh4 Kf6 63. Kg3 Kg5 64. Kh2 Kh4 65.
Kg2 Ba4 66. Kh2 Bc6 0-1

[Event "37. Copenhagen Open (Politiken Cup)"]
[Site "Elsinore"]
[Date "2015.07.27"]
[Round "4"]
[White "Bjerre, Tavs"]
[Black "Bach, Matthias"]
[Result "0-1"]
[WhiteElo "2059"]
[BlackElo "2236"]
[PlyCount "82"]
[EventDate "2015.07.25"]
[EventType "swiss"]
[EventRounds "10"]
[EventCountry "DEN"]
[Source "ChessBase"]
[SourceDate "2015.09.14"]

1. e4 c5 2. Nf3 d6 3. d4 cxd4 4. Nxd4 a6 5. c4 b6 6. Nc3 Bb7 7. Be2 Nf6 8. f3
e6 9. O-O Nbd7 10. Be3 Be7 11. Qd2 O-O 12. Rfd1 Qc7 13. Rac1 Rac8 14. Bf1 Qb8
15. Qf2 Bd8 16. Nc2 Bc7 17. g3 Rfe8 18. Na3 Rcd8 19. Rd2 Ne5 20. Rcd1 d5 21.
exd5 exd5 22. Bf4 d4 23. Bxe5 Bxe5 24. Ne2 Bd6 25. Nc2 a5 26. Bg2 Bc5 27. Nexd4
h5 28. Kf1 Ba6 29. b3 b5 30. cxb5 Bxb5+ 31. Kg1 Re7 32. Bf1 Bxf1 33. Qxf1 Red7
34. Kg2 Qb6 35. Qc4 Nd5 36. Re2 Nc7 37. Re4 Nb5 38. Qxb5 Qxb5 39. Nxb5 Rxd1 40.
Rc4 R8d2+ 41. Kh3 Rh1 0-1

[Event "37. Copenhagen Open (Politiken Cup)"]
[Site "Elsinore"]
[Date "2015.07.27"]
[Round "4"]
[White "Brobakken, Geir"]
[Black "Jacobsen, Per"]
[Result "1/2-1/2"]
[WhiteElo "1936"]
[BlackElo "1680"]
[PlyCount "80"]
[EventDate "2015.07.25"]
[EventType "swiss"]
[EventRounds "10"]
[EventCountry "DEN"]
[Source "ChessBase"]
[SourceDate "2015.09.14"]

1. e4 Nf6 2. e5 Nd5 3. d4 d6 4. Nf3 Nb6 5. exd6 cxd6 6. c3 Nc6 7. Bg5 Bd7 8.
Bd3 g6 9. O-O Bg7 10. Nbd2 O-O 11. a4 Nd5 12. Re1 Re8 13. Qb3 Nf6 14. h3 Rb8
15. c4 b6 16. d5 Na5 17. Qb4 Nb7 18. Ra2 Nc5 19. Bf1 a5 20. Qa3 Nxa4 21. b4
axb4 22. Qxb4 Nc5 23. Be3 Nfe4 24. Bd4 Nxd2 25. Rxd2 Bh6 26. Rb2 Bf5 27. Ra1
Bd3 28. Bxc5 dxc5 29. Qb5 Bf5 30. Re1 Bd7 31. Qb3 Bg7 32. Ra2 Qc7 33. Bd3 e6
34. dxe6 Rxe6 35. Rb1 Bc6 36. Nd2 Qb7 37. Bf1 Bd4 38. Nf3 Bxf3 39. Qxf3 Rf6 40.
Qxb7 Rxb7 1/2-1/2

[Event "37. Copenhagen Open (Politiken Cup)"]
[Site "Elsinore"]
[Date "2015.07.27"]
[Round "4"]
[White "Brobakken, Jorgen"]
[Black "Larsen, Steen"]
[Result "1-0"]
[WhiteElo "1521"]
[BlackElo "1141"]
[PlyCount "33"]
[EventDate "2015.07.25"]
[EventType "swiss"]
[EventRounds "10"]
[EventCountry "DEN"]
[Source "ChessBase"]
[SourceDate "2015.09.14"]

1. d4 e6 2. f4 Nf6 3. e3 Bb4+ 4. c3 Ba5 5. Bd3 d5 6. Nf3 Nbd7 7. Ne5 O-O 8. Nd2
c5 9. O-O c4 10. Bc2 b5 11. e4 b4 12. Qf3 dxe4 13. Nxe4 Rb8 14. Nd6 Nxe5 15.
fxe5 Nd5 16. Qh5 f6 17. Qxh7# 1-0